000 00261nam a2200109Ia 4500
008 190216s9999||||xx |||||||||||||| ||und||
100 _aNorris Me Whirters
245 0 _aGuinnes Book Of World Records
260 _bBantam Books
650 _aEnglish
942 _cBK
999 _c13340
_d13340